000
00330nam a22001457a 4500
020
_a
81-264-1633-5
082
_a
894.812.1
_b
VAI/K
100
_a
VAILOPPILLY
245
_a
KANNEERPPADAVUM MATTU PRADHANA KAVITHAKALUM
260
_a
KOTTAYAM
_b
DC BOOKS
_c
2011
300
_a
182
520
_a
POETRY
650
_a
POETRY
942
_c
BK
999
_c
4513
_d
4513